000 00371 a2200121 4500
245 _aBirthday party
_hprint
650 _aliterature
005 20191021095054.0
260 _axx
_c1966
084 _aPN2093 .C64 1995 no. B66
300 _a1 v. (theater program).
_b1 v. (theater program).
_c1 v. (theater program).
500 _aCenter Stage, February 19 thu March 13, 1966.
999 _c11783
_d11783